El gobierno del mandato claro / (Registro nro. 4832)
[ vista simple ]
| 000 -LEADER | |
|---|---|
| fixed length control field | 01112nam a2200217Ia 4500 |
| 003 - CONTROL NUMBER IDENTIFIER | |
| control field | OSt |
| 005 - DATE AND TIME OF LATEST TRANSACTION | |
| control field | 20200902224157.0 |
| 008 - FIXED-LENGTH DATA ELEMENTS--GENERAL INFORMATION | |
| fixed length control field | 191128s1970 ck a gr 001 0 spa d |
| 040 ## - CATALOGING SOURCE | |
| Original cataloging agency | CO-JMCR |
| Transcribing agency | CO-JMCR |
| 041 0# - LANGUAGE CODE | |
| Language code of text/sound track or separate title | spa |
| 082 04 - DEWEY DECIMAL CLASSIFICATION NUMBER | |
| Classification number | 320.9861 / |
| Item number | C646g |
| Edition number | 21 |
| 100 ## - MAIN ENTRY--PERSONAL NAME | |
| Personal name | Colombia. Presidente (1974-1978 : López Michelsen) |
| 9 (RLIN) | 2318 |
| 245 10 - TITLE STATEMENT | |
| Title | El gobierno del mandato claro / |
| Statement of responsibility, etc. | Alfonso Lopez Michelsen |
| 260 ## - PUBLICATION, DISTRIBUTION, ETC. | |
| Place of publication, distribution, etc. | Bogotá : |
| Name of publisher, distributor, etc. | Presidencia de la República, |
| Date of publication, distribution, etc. | [197?] |
| 300 ## - PHYSICAL DESCRIPTION | |
| Extent | 6 v : |
| Other physical details | ilustraciones en blanco y negro ; |
| Dimensions | 24 cm. |
| 500 ## - GENERAL NOTE | |
| General note | Incluye índice genérico, cronológico y geográfico. |
| 505 2# - FORMATTED CONTENTS NOTE | |
| Title | V.3. 7 de agosto de 1975 a 6 de febrero de 1976 <br/>V.4. 7 de febrero a 6 de agosto de 1976 <br/>V.5. 7 de agosto a 3 de febrero de 1977 <br/>V.6. 10 de febrero de 1977 a 11 de octubre de 1977 |
| 520 3# - SUMMARY, ETC. | |
| Summary, etc. | Integrar la población rural la más afectada por los marginamiento tradicionales a todas las posibilidades del desarrollo nacional, y hacerla partícipe activa de los beneficios de una economía en ascenso. |
| 650 14 - SUBJECT ADDED ENTRY--TOPICAL TERM | |
| Topical term or geographic name entry element | Desarrollo económico |
| General subdivision | presidentes |
| Geographic subdivision | Colombia |
| 9 (RLIN) | 2319 |
| 942 ## - ADDED ENTRY ELEMENTS (KOHA) | |
| Source of classification or shelving scheme | Dewey Decimal Classification |
| Koha item type | Books |
| Withdrawn status | Lost status | Source of classification or shelving scheme | Damaged status | Not for loan | Collection code | Home library | Current library | Date acquired | Source of acquisition | Cost, normal purchase price | Full call number | Barcode | Date last seen | Copy number | Koha item type | Total Checkouts | Price effective from |
|---|---|---|---|---|---|---|---|---|---|---|---|---|---|---|---|---|---|
| Dewey Decimal Classification | Non-fiction | Biblioteca Pública José María del Castillo y Rada | Biblioteca Pública José María del Castillo y Rada | 04/15/2018 | Donación | 0.00 | 320.9861 / C646g | 201811468 | 05/16/2024 | V.4 / Ej.1 | Books | ||||||
| Dewey Decimal Classification | Non-fiction | Biblioteca Pública José María del Castillo y Rada | Biblioteca Pública José María del Castillo y Rada | 04/15/2018 | Donación | 0.00 | 320.9861 / C646g | 201811675 | 05/16/2024 | V.5 / Ej.1 | Books | ||||||
| Dewey Decimal Classification | Non-fiction | Biblioteca Pública José María del Castillo y Rada | Biblioteca Pública José María del Castillo y Rada | 04/15/2018 | Donación | 0.00 | 320.9861 / C646g | 201811469 | 05/16/2024 | V.6 / Ej.1 | Books | ||||||
| Dewey Decimal Classification | Non-fiction | Biblioteca Pública José María del Castillo y Rada | Biblioteca Pública José María del Castillo y Rada | 04/15/2018 | Donación | 0.00 | 320.9861 / C646g | 201809077 | 05/16/2024 | V.3 / Ej.1 | Books | 09/02/2020 |